000 00561nam a22002057a 4500
001 00117
003 DO-SdBNP
005 20180118113453.0
007 00117
008 160321b ag 1969 ||||| |||| 00| 0 spa d
040 _aBPMSU
_bspa
_cBPMSU
092 _axxxxxxxxxxx
_bxxxxxxxxxxx
100 1 1 _aGarcía Márquez, Gabriel
245 1 0 _aCien años de soledad /
_cGabriel García Márquez
260 _aBuenos Aires :
_bSudamericana,
_c1969.
300 _a350 p. :
_c20 cm.
942 _2ddc
_cBK
945 _ainventariado, 2018 / dg
956 _aBrenda Tavárez
999 _c9364
_d9364